000
00421nam a2200181Ia 4500
008
100917s9999 xx 000 0 und d
082
_b
9957
100
_a
पै शिरिष
245
_a
हृदयरंग
260
_b
---
_c
1971
300
_a
148
365
_b
7
520
_a
कथा
630
_a
हृदयरंग
650
_a
कथा
730
_a
हृदयरंग
942
_c
BOOK
999
_c
615351
_d
615348